Working a democratic constitution : (Record no. 10566)
[ view plain ]
| 000 -LEADER | |
|---|---|
| fixed length control field | 00583cam a2200205ua 4500 |
| 001 - CONTROL NUMBER | |
| control field | 11783 |
| 005 - DATE AND TIME OF LATEST TRANSACTION | |
| control field | 20260515114811.0 |
| 008 - FIXED-LENGTH DATA ELEMENTS--GENERAL INFORMATION | |
| fixed length control field | 191107n ii |||gr||||Z||||||eng |
| 020 ## - INTERNATIONAL STANDARD BOOK NUMBER | |
| International Standard Book Number | 9780195656107 |
| 040 ## - CATALOGING SOURCE | |
| Transcribing agency | MAIN |
| 041 ## - LANGUAGE CODE | |
| Language code of text/sound track or separate title | eng |
| 082 ## - DEWEY DECIMAL CLASSIFICATION NUMBER | |
| Classification number | 342.54 |
| 100 ## - MAIN ENTRY--PERSONAL NAME | |
| Personal name | Granville Austin, |
| Relator term | Author. |
| 245 ## - TITLE STATEMENT | |
| Title | Working a democratic constitution : |
| Remainder of title | History of the indian experience / |
| Statement of responsibility, etc. | By Granville Austin . |
| 250 ## - EDITION STATEMENT | |
| Edition statement | 12th imp. |
| 260 ## - PUBLICATION, DISTRIBUTION, ETC. | |
| Place of publication, distribution, etc. | New Delhi: |
| Name of publisher, distributor, etc. | Oxford university press, |
| Date of publication, distribution, etc. | 2018. |
| 300 ## - PHYSICAL DESCRIPTION | |
| Extent | 771p. |
| 653 ## - INDEX TERM--UNCONTROLLED | |
| Uncontrolled term | Constitutional & administrative law |
| 942 ## - ADDED ENTRY ELEMENTS (KOHA) | |
| Koha item type | Books |
| Withdrawn status | Lost status | Damaged status | Not for loan | Home library | Current library | Shelving location | Date acquired | Total checkouts | Full call number | Barcode | Date last seen | Copy number | Price effective from | Koha item type |
|---|---|---|---|---|---|---|---|---|---|---|---|---|---|---|
| Naharkatiya College Library | Naharkatiya College Library | General stacks | 09/19/2020 | 342.54Indian constitution | AUS | 27235 | 09/19/2020 | 1 | 09/19/2020 | Books | |||||
| Naharkatiya College Library | Naharkatiya College Library | General stacks | 09/19/2020 | 342.54Indian constitution | AUS | 27236 | 09/19/2020 | 2 | 09/19/2020 | Books | |||||
| Naharkatiya College Library | Naharkatiya College Library | General stacks | 09/19/2020 | 342.54Indian constitution | AUS | 27237 | 09/19/2020 | 3 | 09/19/2020 | Books |